| 000 | 00745cam a22002531 4500 | ||
|---|---|---|---|
| 999 |
_c45733 _d45733 |
||
| 001 | 7054079 | ||
| 005 | 20190305143931.0 | ||
| 008 | 720905s1965 enka b 000 0 eng | ||
| 010 | _a 65002284 | ||
| 015 | _aGB65-3382 | ||
| 035 | _a(OCoLC)399129 | ||
| 040 |
_aDLC _cODaWU _dOCoLC _dUk _dDLC |
||
| 042 | _apremarc | ||
| 100 | 1 | _aSaggs, H. W. F. | |
| 245 | 1 | 0 |
_aEveryday life in Babylonia & Assyria _c[by] H. W. F. Saggs. Drawings by Helen Nixon Fairfield. |
| 260 |
_aLondon : _bB. T. Batsford; _aNew York, _bPutnam _cc1965. |
||
| 300 |
_a207 p. _billus. _c23 cm. |
||
| 336 | _atext | ||
| 337 | _aunmediated | ||
| 338 | _avolume | ||
| 504 | _aBibliography: p. 199-200. | ||
| 650 | 0 | _aCivilization, Assyro-Babylonian. | |
| 942 |
_2lcc _cBK |
||